header

The American Community Survey (Record no. 57065)

MARC details
000 -LEADER
fixed length control field 01513nam a2200313 a 4500
245 04 - TITLE STATEMENT
Title The American Community Survey
260 ## - PUBLICATION, DISTRIBUTION, ETC. (IMPRINT)
Place of publication Washington, D.C. :
Name of publisher National Academy Press,
Year of publication c2001.
300 ## - PHYSICAL DESCRIPTION
Number of Pages xv, 55 p.
500 ## - GENERAL NOTE
General note "To assist the Census Bureau in developing a research agenda to address ... methodological issues, the Committee on National Statistics held a workshop on September 13, 1998."--P. 1.
650 #0 - SUBJECT ADDED ENTRY--TOPICAL TERM
Topical Term Population forecasting
Topical Term Social surveys
856 40 - ELECTRONIC LOCATION AND ACCESS
Uniform Resource Identifier http://site.ebrary.com/lib/rucke/Doc?id=10038745

No items available.

© 2026 Rongo University
Contact us: librarian | system librarian | Rongo university